Know Your ABC's Quiz Stats

 Plays Quiz Updated Sep 25, 2018

Score 0/45 Timer 05:00
1 Play Today
Answer % Correct
Honda
87%
Volkswagen
86.5%
Gold
84.1%
Braves
80.6%
May 5
76%
Orioles
75.6%
Reds
74.5%
Chevrolet
74.4%
Seize the day
72.8%
CBS
70.9%
George Orwell
69.8%
Mary Poppins
69.2%
Canberra
68.5%
Beauty and the Beast
66.8%
Will Smith
66.6%
HBO
66.1%
Wendy's
65.2%
Red Hot Chili Peppers
64.5%
Copper
63.3%
Hindu
62.6%
Taco Bell
59.9%
Sacha Baron Cohen
58.5%
To infinity
53.1%
Answer % Correct
November 1
53%
Chicago
51.3%
Aldous Huxley
47.7%
Sissy Spacek
47.1%
Ancient Egyptian
46.8%
In good faith
46.8%
AMC
44.7%
Zagreb
44%
Beryllium
43.5%
Sri Lanka
39.4%
July 14
38.4%
Roman
37.3%
Fire
37%
Joseph Heller
36.3%
Water
36.3%
Hardee's/Carls Jr
34%
The Jimi Hendrix Experience
34%
Belize
29.3%
Dhaka
27%
Bob Dylan
24.2%
Ice/Flying
19.4%
Yemen
17.9%

You're not logged in!

Compare scores with friends on all Sporcle quizzes.
OR
Log In

Sporcle TV

Today on Sporcle TV


Watch our educational content, quiz creation guides, and fun videos on Sporcle TV.

Show Comments

Extras

Top Quizzes Today


Score Distribution

Your Account Isn't Verified!

In order to create a playlist on Sporcle, you need to verify the email address you used during registration. Go to your Sporcle Settings to finish the process.

Report this User

Report this user for behavior that violates our Community Guidelines.

Details: